Music Quiz

Random Music or Song Quiz

Hot, Cold, Easy or Hard Songs Quiz Stats

 Plays Quiz Updated Sep 14, 2017

Challenge
Share
Tweet
Embed
Score 0/24 Timer 04:00
1 Play Today
Question Answer Wrong Answers
Take It _____
Eagles (1972)
Easy
95.7%
Hot
0.5%
Cold
0.2%
Hard
0.7%
_____ as Ice
Foreigner (1977)
Cold
95.7%
Hot
0.9%
Easy
0.1%
Hard
0.6%
Baby, It's _____ Outside
Dean Martin (1959)
Cold
95.6%
Hot
1.5%
Easy
0.1%
Hard
0.1%
She Works _____ for the Money
Donna Summer (1983)
Hard
95.6%
Hot
0.7%
Cold
0.2%
Easy
0.9%
It Don't Come _____
Ringo Starr (1971)
Easy
95.1%
Hot
0.5%
Cold
0.5%
Hard
1.2%
Drop It Like It's _____
Snoop Dogg featuring Pharrell (2004)
Hot
94.2%
Cold
0.8%
Easy
1%
Hard
1.2%
_____ Knock Life (Ghetto Anthem)
Jay-Z (1998)
Hard
93.9%
Hot
1.4%
Cold
1%
Easy
0.9%
_____ Stuff
Donna Summer (1979)
Hot
92.9%
Cold
0.7%
Easy
1.3%
Hard
2.3%
_____ Turkey
John Lennon (1969)
Cold
92.6%
Hot
3.7%
Easy
0.4%
Hard
0.6%
Hot N _____
Katy Perry (2008)
Cold
92.2%
Hot
0.6%
Easy
2.5%
Hard
1.9%
Some Like It _____
The Power Station (1985)
Hot
92%
Cold
1.2%
Easy
1.3%
Hard
2.8%
A _____ Day's Night
The Beatles (1964)
Hard
91.6%
Hot
1.7%
Cold
3.7%
Easy
0.4%
_____ for Teacher
Van Halen (1984)
Hot
88.2%
Cold
0.6%
Easy
3.9%
Hard
4.5%
Ballad of _____ Rider
The Byrds (1969)
Easy
85.4%
Hot
2.9%
Cold
4.1%
Hard
4.8%
_____ in Herre
Nelly (2002)
Hot
84.2%
Cold
10.5%
Easy
0.8%
Hard
1.8%
_____ Lover
Philip Bailey & Phil Collins (1984)
Easy
77.8%
Hot
10.1%
Cold
5.5%
Hard
3.7%
Superman (It's Not _____)
Five for Fighting (2001)
Easy
76.6%
Hot
1.4%
Cold
1.1%
Hard
18%
_____ to Handle
The Black Crowes (1990)
Hard
72.9%
Hot
21.1%
Cold
0.3%
Easy
3%
_____ Child in the City
Nick Gilder (1978)
Hot
68.8%
Cold
15.9%
Easy
4.4%
Hard
8%
_____ Blooded
Foreigner (1978)
Hot
63.7%
Cold
33%
Easy
0.2%
Hard
0.5%
It's So _____
Linda Ronstadt (1977)
Easy
57.8%
Hot
7.4%
Cold
9.6%
Hard
22.2%
Easy to Be _____
Three Dog Night (1969)
Hard
56.1%
Hot
6.3%
Cold
12%
Easy
22.6%
I'm _____
Keith Carradine (1976)
Easy
54%
Hot
25.8%
Cold
12.3%
Hard
4.9%
She's So _____
The Rolling Stones (1980)
Cold
49.1%
Hot
27.4%
Easy
16.7%
Hard
3.9%

You're not logged in!

Compare scores with friends on all Sporcle quizzes.
Join for Free
OR
Log In

You Might Also Like...

Show Comments

Extras

Top Quizzes Today


Score Distribution

Your Account Isn't Verified!

In order to create a playlist on Sporcle, you need to verify the email address you used during registration. Go to your Sporcle Settings to finish the process.

Report this User

Report this user for behavior that violates our Community Guidelines.

Details: